20 poemas / (Registro nro. 11203)

Detalles MARC
000 -LIDER
fixed length control field 01015nam a22003257a 4500
001 - NÚMERO DE CONTROL
Identificador de número de control 000438
003 - IDENTIFICACDOR DE NÚMERO DE CONTROL
control field DO-SdBNP
005 - DATE AND TIME OF LATEST TRANSACTION
control field 20240704111113.0
007 - CAMPOS FIJOS DE DESCRIPCIÓN FÍSICA
fixed length control field 000438
008 - ELEMENTOS DE LONGITUD FIJA
fixed length control field 160829b 1998 sp ||||| |||| 00| 0 spa d
020 ## - ISBN
International Standard Book Number 8439702043
040 ## - FUENTE DE CATALOGACIÓN
Agencia que crea de manera original el registro BPMSU
Idioma de catalogación spa
Agencia que realiza la transcripción BPMSU
082 #4 - NÚMERO DE CLASIFICACIÓN DECIMAL DE DEWEY
Classification number 811.5
Item number B932v 1998
Edition number 22
100 1# - ASIENTO PRINCIPAL -- NOMBRE PERSONAL
Nombre personal Bukowski, Charles,
Fechas asociadas con el nombre 1920-1994.
245 10 - MENCIÓN DE TITULO
Título 20 poemas /
Mención de responsabilidad Charles Bukowski ; traducción de Cecilia Ceriani y Txaro Santoro ; selección de Víctor M. Lacarta.
246 13 - VARIACION DEL TÍTULO
Título propiamente dicho o título corto Veinte poemas.
260 ## - PUBLICACIÓN, DISTRIBUCIÓN, ETC. (PIE DE IMPRENTA)
Lugar de publicación, distribución, etc Madrid :
Nombre del editor, distribuidor, etc. Mondadori,
Fecha de publicación, distribución, etc 1998.
300 ## - DESCRIPCIÓN FÍSICA
Extensión 67 p. ;
Dimensiones 16 cm.
490 0# - MENCIÓN DE SERIES
Mención de serie Mitos poesía ,
Volume/sequential designation 3
500 ## - NOTA GENERAL
Nota general Incluye datos del autor
590 ## - NOTA LOCAL
Texto de la nota local Inventariado, 2024/VM
650 #4 - ENCABEZAMIENTO DE MATERIA--TEMÁTICO
Término temático o nombre geográfico como elemento de entrada Poesía estadounidense
650 #4 - ENCABEZAMIENTO DE MATERIA--TEMÁTICO
Término temático o nombre geográfico como elemento de entrada Muerte
Subdivisión de forma Poesías
650 #4 - ENCABEZAMIENTO DE MATERIA--TEMÁTICO
Término temático o nombre geográfico como elemento de entrada Sueño
Subdivisión de forma Poesías
700 1# - ASIENTO SECUNDARIO -- NOMBRE PERSONAL
Nombre personal Ceriani, Cecilia,
Mención de responsabilidad traductor
700 1# - ASIENTO SECUNDARIO -- NOMBRE PERSONAL
Nombre personal Santoro, Txaro,
Mención de responsabilidad traductor
700 1# - ASIENTO SECUNDARIO -- NOMBRE PERSONAL
Nombre personal Lacarta, Víctor M.
910 ## - VALIDACIÓN
Validación VMateo V. Control de calidad. BPMS
942 ## - ADDED ENTRY ELEMENTS (KOHA)
Source of classification or shelving scheme Dewey Decimal Classification
Koha item type Libros
Existencias
Withdrawn status Lost status Source of classification or shelving scheme Damaged status Not for loan Collection code Home library Current library Date acquired Source of acquisition Total Checkouts Full call number Barcode Date last seen Price effective from Koha item type
    Dewey Decimal Classification     Colección General Biblioteca Pública Metropolitana Salomé Ureña Biblioteca Pública Metropolitana Salomé Ureña 08/29/2016 Donación   BPMSU CG 811.5 B932v 1998 BPMSU16080247 08/29/2016 08/29/2016 Libros